| 000 -LEADER |
| fixed length control field |
nam a22 a 4500 |
| 003 - CONTROL NUMBER IDENTIFIER |
| control field |
AM-YeNLA |
| 005 - DATE AND TIME OF LATEST TRANSACTION |
| control field |
20260220103950.0 |
| 007 - PHYSICAL DESCRIPTION FIXED FIELD--GENERAL INFORMATION |
| fixed length control field |
ta |
| 008 - FIXED-LENGTH DATA ELEMENTS--GENERAL INFORMATION |
| fixed length control field |
260220s2025 ai a|||gr|||||000|0|arm|| |
| 020 ## - INTERNATIONAL STANDARD BOOK NUMBER |
| International Standard Book Number |
978-9939-60-944-7 |
| 040 ## - CATALOGING SOURCE |
| Language of cataloging |
arm |
| Transcribing agency |
AM-YeNLA |
| 041 1# - LANGUAGE CODE |
| Language code of text/sound track or separate title |
arm |
| Language code of original |
rus |
| 100 1# - MAIN ENTRY--PERSONAL NAME |
| 9 (RLIN) |
40471 |
| Personal name |
Նանսեն, Ֆրիտյոֆ, |
| Dates associated with a name |
1861-1930 |
| 245 10 - TITLE STATEMENT |
| Title |
Ծովափոկերի և սպիտակ արջերի մեջ / |
| Statement of responsibility, etc. |
Ֆ. Նանսեն ; Կ. Ահարոնյանի թարգմանությամբ ; Գլխավոր խմբագիր և առաջաբանի հեղինակ՝ Ֆ.Բ. Բախչինյան ; [Խմբագիր՝ Հ. Խաչատրյան ; Սրբագրիչ՝ Ա. Սարդարյան] ; Երևանի Ֆրիտյոֆ Նանսենի թանգարան. |
| 246 15 - VARYING FORM OF TITLE |
| Title proper/short title |
Blant sel og bjorn |
| 260 ## - PUBLICATION, DISTRIBUTION, ETC. (IMPRINT) |
| Place of publication, distribution, etc. |
Երևան : |
| Name of publisher, distributor, etc. |
ՎՄՎ պրինտ, |
| Date of publication, distribution, etc. |
2025. |
| 300 ## - PHYSICAL DESCRIPTION |
| Extent |
311 էջ : |
| Other physical details |
նկարներ ; |
| Dimensions |
25 սմ. |
| 504 ## - BIBLIOGRAPHY, ETC. NOTE |
| Bibliography, etc |
Տողատակերում՝ ծանոթագրություններ։ |
| 504 ## - BIBLIOGRAPHY, ETC. NOTE |
| Bibliography, etc |
Ծանոթագրություններ՝ էջ 310։
|
| 600 14 - SUBJECT ADDED ENTRY--PERSONAL NAME |
| Personal name |
Ֆրիտյոֆ Նանսեն |
| Dates associated with a name |
1861-1930 |
| Form subdivision |
Կենսագրություն |
| 9 (RLIN) |
40471 |
| 650 14 - SUBJECT ADDED ENTRY--TOPICAL TERM |
| Topical term or geographic name as entry element |
Ճանապարհորդություններ |
| 650 14 - SUBJECT ADDED ENTRY--TOPICAL TERM |
| Topical term or geographic name as entry element |
Նորվեգական հուշագրություն |
| General subdivision |
Ճանապարհորդությունների նկարագրություններ |
| 9 (RLIN) |
35290 |
| 700 1# - ADDED ENTRY--PERSONAL NAME |
| Personal name |
Բախչինյան, Ֆելիքս Բարդուղիմեոսի, |
| Dates associated with a name |
1950-2024 |
| Relator term |
խմբագիր |
| Relator code |
edt |
| Relator term |
առաջաբանի հեղինակ |
| Relator code |
aui |
| 9 (RLIN) |
31693 |
| 700 1# - ADDED ENTRY--PERSONAL NAME |
| Personal name |
Ահարոնյան, Կարմեն |
| Relator term |
թարգմանիչ |
| Relator code |
trl |
| 700 1# - ADDED ENTRY--PERSONAL NAME |
| Personal name |
Խաչատրյան, Հայարփի |
| Relator term |
խմբագիր |
| Relator code |
edt |
| 700 1# - ADDED ENTRY--PERSONAL NAME |
| Personal name |
Սարդարյան, Անի |
| Relator term |
սրբագրիչ |
| Relator code |
crr |
| 710 ## - ADDED ENTRY--CORPORATE NAME |
| Corporate name or jurisdiction name as entry element |
Երևանի Ֆրիտյոֆ Նանսենի թանգարան |
| 942 ## - ADDED ENTRY ELEMENTS (KOHA) |
| Source of classification or shelving scheme |
|
| Koha item type |
Books |